| 000 | 00894nam a2200181Ia 4500 | ||
|---|---|---|---|
| 008 | 090630s9999 xx 000 0 und d | ||
| 082 | _b14987 | ||
| 100 | _aपाटील शा. म. / धोंगडे. | ||
| 245 |
_aभारतीय ग्रामीण अर्थव्यवस्था. _cपाटील शा. म. / धोंगडे. |
||
| 260 |
_bमहाराष्ट्र विद्यापीठ ग्रंथनिर्मिती मंडळ - नागपूर. _c1980 |
||
| 300 | _a496 | ||
| 600 | _aपाटील शा. म. / धोंगडे. | ||
| 630 | _aभारतीय ग्रामीण अर्थव्यवस्था. | ||
| 655 | _aइतर. | ||
| 700 | _aपाटील शा. म. / धोंगडे. | ||
| 730 | _aभारतीय ग्रामीण अर्थव्यवस्था. | ||
| 942 | _cBOOK | ||
| 999 |
_c266843 _d266843 |
||